[Event "Moscow Petrosian Memorial"]
[Site "Moscow"]
[Date "2014.11.10"]
[Round "6"]
[White "Ding, Liren"]
[Black "Gelfand, Boris"]
[Result "1/2-1/2"]
[WhiteElo "2730"]
[BlackElo "2759"]
[Annotator "CB"]
[PlyCount "95"]
[EventDate "2014.11.04"]
[EventType "tourn"]
[EventRounds "7"]
[EventCountry "RUS"]
[EventCategory "20"]
[SourceTitle "CBM 164"]
[Source "ChessBase"]
[SourceDate "2015.01.15"]
[SourceVersion "1"]
[SourceVersionDate "2015.01.15"]
[SourceQuality "1"]

1. d4 Nf6 2. c4 g6 3. g3 c6 {If you want to be ultra-solid against the
Fianchetto Set-ups, choose the c6 Grunfeld. If you want to be more active than
the immediate d5 is more appropiate.} 4. Bg2 d5 5. Nf3 Bg7 6. O-O O-O 7. b3 {
this approach has been around for a few years. It isn't a refutation of this
set-up with c6 and d5 in the fianchetto Grunfeld, but it seems to be less
drawish than taking on d5, which is still the main line.} dxc4 8. bxc4 c5 9.
Bb2 Qb6 10. Qc1 (10. Qb3 {is the main move.}) 10... cxd4 11. Nxd4 Nc6 12. Nxc6
bxc6 13. Nd2 {White's slight pressure on c6 might give him a small, small edge.
One would think that good play by Black will neutralize it.} Bg4 14. Nb3 Bxe2
15. Re1 Bd3 16. c5 $6 (16. Bd4 $1 {Some computer move.} Qc7 (16... Qa6 $1 17.
Rxe7 $14) 17. Be5 Qd7 18. Qc3 {and White's pressure is very real. Once c6
inevitably falls White will have a strong advantage.}) (16. Rxe7 {preserved
some initiative.}) 16... Qa6 17. Rxe7 Rae8 18. Re1 (18. Rc7 Be4 $11) 18... Bc4
19. Rxe8 Rxe8 20. Bxc6 Qxc6 21. Qxc4 Ne4 {White's c5 pawn will not survive for
long. He has to cope with some real problems on the h1-a8 diagonal.} 22. Na5 (
22. Bxg7 $2 Ng5 $1 23. f3 $8 Nxf3+ 24. Kf2 Nxh2 $17) 22... Qxc5 23. Qxc5 Nxc5
24. Bxg7 Kxg7 {The rest needs no explanation.} 25. Rc1 Ne6 26. Nb3 Kf6 27. Kf1
Ke5 28. Nc5 Nxc5 29. Rxc5+ Kf6 30. Ra5 Re7 31. g4 g5 32. Ra6+ Kg7 33. Kg2 f6
34. Kg3 Rc7 35. a4 Kg6 36. a5 Rb7 37. f3 Rb3 38. h3 Ra3 39. Rxa7 h5 40. Kf2
Ra2+ 41. Ke3 Ra3+ 42. Ke4 Ra4+ 43. Kd5 Ra3 44. a6 hxg4 45. fxg4 Rxh3 46. Rc7
Ra3 47. a7 f5 48. Rc6+ 1/2-1/2

[Event "Dresden ZMD op"]
[Site "Dresden"]
[Date "2018.08.12"]
[Round "9"]
[White "Pfreundt, Jakob"]
[Black "Dann, Matthias"]
[Result "0-1"]
[WhiteElo "2399"]
[BlackElo "2534"]
[Annotator "Dann,M"]
[PlyCount "82"]
[EventDate "2018.08.04"]
[EventType "swiss"]
[EventRounds "9"]
[EventCountry "GER"]
[SourceTitle "EXT 2020"]
[Source "ChessBase"]
[SourceDate "2019.10.17"]
[SourceVersion "1"]
[SourceVersionDate "2019.10.17"]
[SourceQuality "1"]

{[%evp 0,82,21,21,19,35,54,24,23,12,24,7,45,29,49,24,30,44,40,40,53,53,55,46,
67,48,66,39,55,68,44,41,48,30,53,26,57,47,61,58,73,57,87,77,75,40,59,39,22,32,
16,4,9,4,14,26,62,14,17,-32,-32,-54,3,-76,-90,-78,-79,-103,-88,-99,-86,-94,-86,
-177,-156,-181,-96,-124,-121,-177,-177,-241,-240,-308,-184]} 1. d4 Nf6 2. Nf3
g6 3. g3 Bg7 4. Bg2 O-O 5. O-O d6 6. Nc3 d5 $5 {[%csl Rc2][%cal Rc2c4] Dieser
Zug führt zu interessantem Spiel.} (6... Nc6 7. d5 Na5 {[%csl Ra5,Rc4] Ohne
den Bauern auf c4 hat der schwarze Springer keine Aufgabe.} 8. e4 c5 9. Re1 $14
{1-0 (34) Andersson,U (2510)-Heimerdinger,J (2148) Bad Wiessee 2015}) (6... Bg4
7. h3 Bxf3 8. exf3 $1 (8. Bxf3 Nc6 9. Bg2 Nd7 {Dieser Stellung scheint mir in
Ordnung für Schwarz zu sein.}) 8... Nfd7 9. f4 Nc6 10. d5 Na5 {Diese
Stellungen scheinen mir nicht besonders erstrebenswert für Schwarz.}) 7. Re1 {
[#]} c6 $6 {Zu automatisch gespielt. Natürlich schränkt c6 indirekt den Lg2
ein, allerdings verbaut man sich selber die Chance im richtigen Moment ...Sc6
zu spielen.} (7... Bf5 $1 {[%cal Gf5e4,Yc7c6,Gb8d7] nimmtm e4 aus der Stellung
und ist am kämpferischsten.} 8. Nh4 (8. Ne5 c6 9. h3 h5 $5 10. Bf4 Nbd7 11. b4
Nxe5 12. Bxe5 a5 $6 13. b5 cxb5 14. Bxf6 exf6 15. Nxb5 Rc8 16. c3 Qd7 17. Qb3
Rc4 18. Na3 a4 19. Qb2 Rc7 20. Kh2 h4 21. g4 Be6 22. f4 f5 23. g5 $14 {0-1 (38)
Savenkov,K (2365)-Belyakov,B (2487) Moscow 2017}) 8... Be6 (8... Bg4 $5 $132 9.
Bg5 (9. Qd3 Nc6 10. h3 Be6 11. Be3 Na5 12. Rad1 Nc4 13. Bc1 Nd6 14. Bf4 c6 15.
Kh2 Rc8 16. Bxd6 Qxd6 17. e4 dxe4 18. Nxe4 Nxe4 19. Qxe4 Qb4 20. b3 Bf6 21. c4
Rfd8 22. Nf3 Rd6 23. Ne5 Rcd8 24. Re2 Qc3 $15 {0-1 (41) Aggelis,N (2296)
-Smirin,I (2650) Chalkida 2009}) 9... c6 10. Qd2 Nbd7 11. f3 Be6 12. e4 c5 $5
13. exd5 cxd4 14. dxe6 dxc3 15. bxc3 Qb6+ 16. Kh1 fxe6 17. Rab1 Qc7 18. Rxe6
Nc5 19. Bf4 Qd8 20. Re2 Qxd2 21. Bxd2 Nd5 22. f4 Rad8 $14 {1/2-1/2 (55)
Ivanchuk,V (2740)-Topalov,V (2725) Monte Carlo 1997}) 9. e4 (9. f3 {war der
Zug, den ich vor allem beachtete.} c5 $5 $132 (9... c6)) 9... dxe4 10. Nxe4
Nxe4 11. Bxe4 Bd5 $1 $132 {Schwarz hat eine bequeme Stellung.} (11... c6 12. c3
) 12. c3 $11 {0-1 (45) Alvarez,V-Solana Suarez,E (2275) Tenerife 1989}) (7...
Ne4 {erinnert an Gründfeldindisch} 8. Nxe4 dxe4 9. Ne5 (9. Ng5 Qxd4 $11 {
1/2-1/2 (21) Ivanchuk,V (2720)-Smirin,I (2658) Ashdod 2015}) 9... c5 $11 10. c3
cxd4 11. cxd4 Nd7 12. Nxd7 Qxd7 13. d5 f5 14. f3 exf3 15. exf3 e5 16. Qb3 {
1/2-1/2 (16) Tkachiev,V (2605)-Apicella,M (2555) Clichy 1995}) 8. e4 $1 dxe4 9.
Nxe4 Nbd7 (9... Nxe4 10. Rxe4 Nd7 11. Qe2 $1 $14 {[%csl Re7] Der Bauer e7 ist
unangenehm zu decken, aber} Nf6 $1 {funktioniert taktisch:} (11... e6 $2 {
erlaubt nicht nur} 12. Bg5 $16 {, sondern schließt auch den Lc8 für immer
ein.}) (11... Re8 12. Bg5 Nf6 13. Bxf6 Bxf6 14. c3 $13) 12. Rxe7 Nd5 13. Re5 f6
$11) 10. Nxf6+ $6 (10. Qe2 $1 $14 {[%csl Re7][%cal Ye2e7] solider Vorteil für
Weiß.} Nb6 11. a4 (11. Nxf6+ exf6 12. c3 Be6 $11) 11... a5 12. Bg5 $14) 10...
Nxf6 11. c3 $6 {Weiß spielt zu lasch.} (11. Qe2 $1 {wäre immer noch
unangenehm.}) (11. c4 $5) 11... a5 12. a4 Nd5 {[%csl Gb4,Gd5][%cal Rc3c4] Der
schwarze Springer hat nun für immer einen Vorposten auf d5 oder b4.} (12...
Bg4 $5 13. Qb3 Bxf3 14. Bxf3 Qd7 15. Bg2 e6 16. Bd2 Nd5 17. Rad1 b5 18. Bxd5
Qxd5 19. Qxd5 cxd5 20. axb5 Rab8 21. Ra1 Rxb5 $15 {1/2-1/2 (41) Romanishin,O 
(2605)-Kotronias,V (2545) Tilburg 1994}) 13. Qe2 (13. Ne5 $5 {würde das in
der Partie gespielte ...Lg4 nicht erlauben.}) (13. Qb3 {ist auch interessant,
aber 13.Se5 gefällt deutlich besser, da es so natürlich ist.}) (13. Bd2 {
[%csl Rb4,Rd5][%cal Gc3c4]} Bf5 14. Qc1 Re8 15. Bh6 Bf6 16. h3 Qc7 17. g4 Bd7
18. Ne5 Rad8 19. Qc2 Bc8 20. Rad1 $14 {1/2-1/2 (39) Pert,N (2566)-Palliser,R 
(2421) Reading 2017}) 13... Bg4 14. h3 Bxf3 15. Bxf3 e6 {Weiß steht
möglicherweise minimal besser aufgrund des Läuferpaars, allerdings bietet
die Stellung gleichzeitg Möglichkeiten mit Schwarz auf Gewinn zu spielen.} 16.
Ra3 $6 {Mit der Idee Tb3? Oder will Weiß am Damenflügel gegenhalten oder
etwa c4 nebst Td3/Te3.} (16. h4 $5 {Es ist wohl der richtige Plan für Weiß
am Königsflügel aktiv zu werden.} h5 17. Bg5 Bf6 (17... Qd7 18. Bg2 b5 19.
axb5 cxb5 20. g4 hxg4 21. Qxg4 {Die Engine ist begeistert von der weißen
Stellung.}) 18. Bh6 Re8 19. Rad1 Qd7 20. Qe4 Ne7 (20... b5 21. axb5 cxb5 22. g4
$1 hxg4 23. Qxg4 $40) 21. Bg2 Nf5 22. Bc1 Rac8 $14) 16... Qd7 {[%csl Rh3][%cal
Yb7b5] bereitet ...b5 vor und greift in Zukunft vielleicht mal h3 an.} 17. h4
h5 {[%csl Gf5][%cal Gd5e7,Ge7f5]} (17... h6 $6 {sah nicht richtig aus. Mit 17..
.h5 sichert man sich zudem einen Vorposten auf f5 für den Srpinger.}) 18. Bg5
Rfe8 19. Qd3 Bf8 20. Raa1 b5 21. Ra2 (21. b3 $5 b4 (21... Bg7) 22. c4 Nc3 23.
Re5 Bg7 24. Rae1 $5 $13 (24. Rc5 Ra6 $15)) (21. g4 $1 {wäre die beste
Fortsetzung gewesen.} hxg4 22. Bxg4 f5 (22... Bd6 23. h5 Kg7 24. hxg6 f5 $11)
23. Bf3 bxa4 24. Rxa4 $14) 21... Bg7 22. Rea1 (22. axb5 cxb5 23. Rea1 a4 24. b3
Rac8 $1 $132 25. Bxd5 Qxd5 26. bxa4 b4 27. cxb4 Bxd4 $13) 22... b4 23. Rd1 (23.
c4 Ne7 $15 {[%csl Rd4][%cal Ge7f5]} (23... b3 24. cxd5 bxa2 25. dxc6)) 23...
bxc3 24. bxc3 Rab8 $36 {Schwarz hat bereits viel erreicht.} 25. Bd2 Rb3 26. Qc4
Qb7 (26... Reb8) 27. Be4 Rc8 28. Bc2 $6 (28. Raa1 {[%cal Ga1b1]}) 28... Rb6 (
28... Rb2 29. Rxb2 Qxb2 30. Qd3 {[%csl Rb2][%cal Gd1b1]}) 29. Raa1 c5 $1 30.
dxc5 Rbc6 31. Rab1 Qa7 $6 {Konkret verkehrt wegen Le3.} (31... Qe7 $1 {Dame
soll sich tendenziell in der Mitte stehen.} 32. Be4 Rxc5 33. Qd3 Nxc3 34. Rb7
Qe8 $19) 32. Rb5 $6 (32. Be4 $1 Rxc5 33. Qd3 Bxc3 34. Be3 Nxe3 35. Rb7 Qxb7 36.
Bxb7 Nxd1 37. Bxc8 Rxc8 $11) 32... Rxc5 33. Rxc5 Rxc5 34. Qe2 Bxc3 35. Be3 Nxe3
36. Rd8+ Kg7 37. Qxe3 Qe7 (37... Bf6 38. Rc8) (37... e5 $1 $19 {[%cal Gc3d4]
nebst ...Ld4 sollte einfach gewinnen.}) 38. Qd3 Rc7 39. Bd1 {Endspieltechnisch
auf jeden Fall interessant.} e5 $2 {versaut die Partie eigentlich zum Remis.} (
{Enginevariante} 39... Bf6 $1 40. Rd6 Be5 41. Rd8 Rb7 $1 42. Kg2 Bf6 43. Rd6
Rb2 44. Rc6 Qb7 45. Bf3 Qb4 46. Rc4 Qe1 47. Rc2 Rb1 48. Kh3 Rb4 49. Ra2 Bd4 $19
) 40. Bf3 $2 (40. Qd6 $1 Qxd6 41. Rxd6 Bd4 42. Kg2 (42. Kf1 $8 Rc1 43. Ke2 Ra1
44. Bc2 (44. Rc6 $2 Bxf2 $1 $19) 44... Ra2 45. Rc6 f5 $17) 42... Rc1 43. Be2
Rc2 44. Kf1 Ra2 45. Rd7 Rxa4 46. Bf3 $1 {[%csl Ra2,Rf7][%cal Yf3d5,Yd5f7,Yd5a2]
}) 40... Bd4 41. Rb8 Qc5 (41... Qc5 42. Qe2 Qc2 $17 {[%csl Ra4,Rf2]}) 0-1

[Event "Nikolaev zt"]
[Site "Nikolaev"]
[Date "1993.??.??"]
[Round "?"]
[White "Guliev, Sarhan"]
[Black "Bologan, Viktor"]
[Result "1-0"]
[WhiteElo "2485"]
[BlackElo "2520"]
[Annotator "Dautov,R"]
[PlyCount "81"]
[EventDate "1993.03.??"]
[EventType "swiss"]
[EventRounds "11"]
[EventCountry "RUS"]
[SourceTitle "CBM 035"]
[Source "ChessBase"]
[SourceDate "1993.08.01"]
[SourceVersion "1"]
[SourceVersionDate "1993.08.01"]
[SourceQuality "1"]

1. d4 Nf6 2. c4 g6 3. Nf3 Bg7 4. g3 d6 5. Bg2 Bd7 6. O-O Nc6 7. b3 (7. Nc3 O-O
8. h3 a6 9. e4 e5 10. d5 Nd4 11. Nxd4 exd4 12. Qxd4 Qc8 13. h4 Ng4 14. Qd2 b5
15. cxb5 axb5 16. Ne2 Qb7 17. Qc2 b4 18. Bf4 Rxa2 $1 19. Rxa2 b3 20. Ra7 Qxa7
21. Qxb3 Rb8 22. Qa3 Qb6 23. b4 {0,5/Pigusov-Kengis/Wien op/1991}) 7... a6 (
7... O-O {>=} 8. Bb2 e5 $1 9. d5 (9. dxe5 Ng4) 9... Ne7 $132) 8. Bb2 O-O 9.
Nbd2 $1 (9. Nc3 Rb8 10. d5 Na5 11. Nd2 c5 {-E66}) 9... b5 $2 (9... e5 $1 10. d5
(10. dxe5 Ng4 11. Qc2 Ngxe5 12. Nxe5 dxe5 $10) 10... Ne7 11. e4 $14 {/\c5}) 10.
Rc1 Rb8 $6 (10... e5 11. dxe5 Ng4 12. Nd4 Nxd4 (12... Ngxe5 $2 13. Nxc6 $16)
13. Bxa8 Qxa8 (13... Nxe2+ 14. Qxe2 Qxa8 15. cxb5 $16) 14. Bxd4 Nxe5 15. Re1
$16) (10... bxc4 {>=} 11. Nxc4 {/\d5} e6 12. Re1 Ne4 (12... d5 13. Nce5 Nxe5
14. Nxe5 $16) 13. Nfd2 (13. d5 $5 Bxb2 14. Nxb2 exd5 15. Qxd5 Nf6 16. Qd2 $14)
13... Nxd2 14. Qxd2 {/\Nd6} d5 15. Na5 Nxa5 16. Qxa5 c6 $14) 11. d5 $16 Na5 (
11... Na7 12. e4 $1 {/\c5,e5} (12. Nd4 bxc4 13. Nxc4 e5 14. dxe6 fxe6 $13)
12... bxc4 13. Nxc4 $16 Nxe4 $2 14. Bxg7 Kxg7 15. Qd4+ $18) 12. Nd4 e5 (12...
bxc4 13. Bc3 $1 (13. Nxc4 Nxc4 14. Rxc4 e5 15. dxe6 fxe6 16. Nc6 Bxc6 17. Rxc6
$16 {><a6,c7}) 13... Nb7 14. Nxc4 e5 15. dxe6 fxe6 16. Na5 $1 Nxa5 17. Bxa5 Ne8
18. Nc6 Bxc6 19. Rxc6 $16) 13. dxe6 fxe6 14. cxb5 axb5 15. b4 Nc4 (15... Nb7
16. Nc6 Bxc6 17. Bxc6 $16) 16. Nxc4 bxc4 17. Rxc4 c5 (17... d5 18. Nc6 Bxc6 19.
Rxc6 Rxb4 20. Ba3 $18) 18. Nc6 Bxc6 19. Bxc6 cxb4 (19... Rxb4 20. Rxb4 cxb4 21.
Qb3 $18) 20. Qa4 d5 (20... Qb6 21. Bd4 Qc7 22. Rfc1 $16) 21. Rxb4 Rxb4 22. Qxb4
Ne4 23. Bxg7 Kxg7 24. f3 Qg5 (24... Nd6 25. Qd4+ Kg8 (25... Qf6 26. Qxf6+ Kxf6
27. e4 d4 28. f4 $18) 26. e4 dxe4 27. Rd1 Nf7 28. Qxd8 Nxd8 29. Bxe4 $18) 25.
Qb2+ Nf6 (25... e5 26. f4 $18) 26. Qd4 Rc8 (26... e5 27. f4 $1 exf4 28. Rxf4
Rc8 29. Bxd5 Rc1+ 30. Kf2 $18) 27. Bb5 e5 28. Qd3 d4 29. Bc4 Nh5 30. Kf2 Qe3+
31. Kg2 Qg5 32. Qb3 $18 {/\Qb7,a4-a5} Kh6 33. a4 e4 (33... Nf4+ 34. Kh1 Nh5 35.
a5 Nxg3+ 36. hxg3 Qxg3 37. Be6 Rc3 38. Qb8 $18) 34. fxe4 Nf6 35. Be6 Re8 36.
Rf4 Nh5 37. Rf3 Nf6 38. Rf4 Nh5 39. Rh4 Qd2 40. Bg4 Rxe4 41. Qf3 (41. Qf3 Qe3
42. Rxh5+ gxh5 43. Qf6#) 1-0

[Event "Olympiad-23"]
[Site "Buenos Aires"]
[Date "1978.11.07"]
[Round "12"]
[White "Dzindzichashvili, Roman"]
[Black "Kavalek, Lubomir"]
[Result "1/2-1/2"]
[WhiteElo "2550"]
[BlackElo "2570"]
[Annotator "Dzindzichashvili,R"]
[PlyCount "112"]
[EventDate "1978.10.25"]
[EventType "team-swiss"]
[EventRounds "14"]
[EventCountry "ARG"]
[SourceTitle "EXT 2000"]
[Source "ChessBase"]
[SourceDate "1999.11.16"]
[SourceVersion "1"]
[SourceVersionDate "1999.11.16"]
[SourceQuality "1"]
[WhiteTeam "Israel"]
[BlackTeam "US of America"]
[WhiteTeamCountry "ISR"]
[BlackTeamCountry "USA"]

1. Nf3 Nf6 2. g3 g6 3. b3 Bg7 4. Bb2 O-O 5. Bg2 d6 6. d4 c6 7. O-O Qa5 $6 (7...
e5 8. dxe5 Ng4 9. c4 Nxe5 10. Nc3 $16) 8. Nbd2 Qh5 9. e4 Bg4 10. e5 $14 dxe5
11. dxe5 Nfd7 12. Re1 Na6 13. Nc4 Rad8 14. Qe2 Nb4 {[/\ Nxc2]} 15. Ne3 $1 Nxe5
$2 (15... Bxe5 $2 16. c3 $1 Nd3 17. Nxg4 Nxe1 18. Qxe1 $1 Qxg4 19. Nxe5 Nxe5
20. Qxe5 $18) (15... Bh3 16. Bxh3 Qxh3 17. Ng5 {/\ f4+/-}) 16. Nxg4 Nxg4 (16...
Nxf3+ $2 17. Bxf3 Bxb2 18. Nf6+ $18) 17. Bxg7 Kxg7 18. Qc4 $1 $18 Qb5 (18...
Nd5 19. h3 Ngf6 20. g4) (18... Na6 19. h3 Nf6 20. Re5 Qh6 21. Rxe7) 19. Qxg4
Nxc2 20. Re5 Rd5 21. Rxd5 Qxd5 22. Ne1 Qd4 23. Qxd4+ Nxd4 24. Rd1 Rd8 25. Kf1
Rd6 26. Nf3 Nc2 27. Rxd6 exd6 28. Ke2 Nb4 29. a3 Nc2 30. a4 a5 31. Nd2 d5 32.
Nf3 f6 33. h4 h5 34. Kd2 Nb4 35. Ne1 Kf7 36. f3 f5 37. Nd3 Na6 38. Nf4 Kf6 39.
Bf1 Nb8 40. Kd3 Nd7 41. Kd4 b6 42. Nxd5+ cxd5 43. Kxd5 g5 44. Kc6 (44. f4 g4 {
/\ Nc5-e4+/-}) 44... Ne5+ 45. Kxb6 Nxf3 46. Kxa5 Nd2 47. hxg5+ $4 (47. Bg2 $18)
47... Kxg5 48. Bg2 (48. Kb6 Nxf1 49. a5 Nxg3 50. a6 h4 51. a7 h3 52. a8=Q h2
$11) 48... Kg4 $1 49. Kb6 (49. Bd5 Kxg3 50. Kb6 Ne4 $11) 49... Kxg3 50. a5 Kxg2
51. a6 h4 52. a7 h3 53. a8=Q+ Ne4 $11 54. Qg8+ (54. Qd5 h2 55. Qxf5 Nf2 $11)
54... Ng3 55. Qd5+ Kf2 56. Qd2+ Kg1 1/2-1/2

[Event "Leon"]
[Site "Leon"]
[Date "1994.??.??"]
[Round "2"]
[White "Kortschnoj, Viktor Lvovich"]
[Black "Azmaiparashvili, Zurab"]
[Result "0-1"]
[WhiteElo "2615"]
[BlackElo "2625"]
[Annotator "Franco"]
[PlyCount "122"]
[EventDate "1994.05.??"]
[EventType "tourn"]
[EventRounds "9"]
[EventCountry "ESP"]
[EventCategory "12"]
[SourceTitle "CBM 042"]
[Source "ChessBase"]
[SourceDate "1994.10.01"]
[SourceVersion "1"]
[SourceVersionDate "1994.10.01"]
[SourceQuality "1"]

1. d4 d6 2. Nf3 g6 3. g3 Bg7 4. Bg2 Nd7 5. O-O e5 6. dxe5 dxe5 7. Nc3 Ngf6 8.
a4 a5 9. h3 O-O 10. Bg5 c6 11. Qd2 Qc7 12. Rfd1 Re8 13. Be3 Bf8 14. Ng5 Nc5 15.
g4 Be7 16. Bxc5 Bxc5 17. Nge4 Be7 18. Nxf6+ Bxf6 19. Ne4 Be7 20. g5 Rd8 21. Qc3
Bf5 22. Nf6+ Bxf6 23. gxf6 e4 24. Qg3 $2 (24. Qc5 $1 {/\ 25.c3 Ljubojevic} b6
$6 (24... Rxd1+ $2 25. Rxd1 Rd8 26. Rxd8+ Qxd8 27. Qe7 $1 $16) 25. Qe3) 24...
Qxg3 25. fxg3 e3 26. Rxd8+ Rxd8 27. Ra3 Rd1+ 28. Kh2 Rd6 29. Rxe3 Rxf6 30. Rc3
Rd6 31. g4 Bd7 32. Kg3 Kf8 33. g5 Ke7 34. Rb3 Bc8 35. Re3+ Be6 36. h4 Rd4 37.
Re4 Rd2 38. b4 Rxc2 39. bxa5 Kd6 40. Bf3 Rc4 41. e3 Rxe4 42. Bxe4 Bb3 43. Bd3
Kd5 44. Kf4 Bxa4 45. a6 bxa6 46. Bxa6 c5 47. Kf3 Bb3 48. Bb5 Ke5 49. Bf1 Be6
50. Bd3 Bd5+ 51. Ke2 c4 52. Bc2 c3 53. Kd1 Be4 54. Ba4 Bd3 55. Bb3 f6 56. gxf6
Kxf6 57. Bc2 Bf5 58. Kc1 Ke5 59. Bd1 Ke4 60. Kc2 Kxe3+ 61. Kxc3 h5 0-1

[Event "Belgrade GMA op"]
[Site "Belgrade"]
[Date "1988.??.??"]
[Round "?"]
[White "Miles, Anthony John"]
[Black "Ristic, Nenad"]
[Result "1-0"]
[WhiteElo "2500"]
[BlackElo "2440"]
[Annotator "Ftacnik,L"]
[PlyCount "117"]
[EventDate "1988.12.??"]
[EventType "swiss"]
[EventRounds "9"]
[EventCountry "YUG"]
[SourceTitle "TD"]
[Source "ChessBase"]
[SourceDate "1994.03.01"]
[SourceVersion "1"]
[SourceVersionDate "1994.03.01"]
[SourceQuality "1"]

1. Nf3 Nf6 2. g3 g6 3. b3 Bg7 4. Bb2 O-O 5. Bg2 d6 6. d4 e5 7. dxe5 Nfd7 8. Qd2
Nc6 9. O-O dxe5 (9... Re8) 10. Rd1 Re8 11. e4 Nc5 $5 12. Qxd8 Nxd8 13. Bxe5 $1
(13. Nxe5 Nc6 $1 $132) 13... Nxe4 14. Re1 $1 Bxe5 (14... Bf5 $2 15. Bxg7 Kxg7
16. Nd4 $16) 15. Rxe4 Nc6 $2 (15... f6 $14) 16. Nxe5 Rxe5 17. Rxe5 Nxe5 18. Nc3
Bg4 $1 (18... c6 19. Re1 f6 20. f4 $18) 19. Bxb7 Rd8 20. Re1 (20. Kg2 c6 $1) (
20. f4 Nf3+ 21. Bxf3 Bxf3 22. Kf2 Bg4 $1) 20... Nf3+ 21. Bxf3 Bxf3 22. Re3 Bb7
$1 23. f4 $2 (23. Kf1 $1 Rd2 24. Re2 Ba6 25. Ke1 $1 $18) 23... Ba6 $1 24. Rf3
$8 (24. Ne4 Rd1+ 25. Kf2 Rf1+ $1 26. Kg2 Rc1 $1) 24... Kg7 25. Rf2 h5 (25...
Kf6 26. Ne4+ Kf5 27. Rd2) 26. Kg2 Bb7+ 27. Kf1 h4 28. Ke1 Kf6 29. Rd2 Rxd2 (
29... Rh8 $5) 30. Kxd2 Kf5 31. Ke3 Kg4 32. gxh4 (32. Nb5 $1) 32... Bc6 33. Ne2
Kxh4 34. Nd4 Bd7 35. Nf3+ $1 Kh5 $8 36. c4 (36. Ng5 $1 Be8 37. Ne4 $18) 36...
f6 37. c5 Kg4 38. Nd4 c6 39. b4 a6 40. a4 Kh3 41. Nf3 (41. f5 $5 g5 $1 42. Kf3
Be8 $1) 41... Be6 42. Nd2 $1 Kxh2 43. Ne4 f5 44. Ng5 Bb3 $8 (44... Bd7 45. Kf2
$1) 45. Nf3+ Kg3 46. Ne5 g5 (46... Bxa4 47. Nxg6 Kg4 48. Kd4 Bc2 49. Ke5 Bd3
50. Ne7 Be4 51. Ng8 $1 $18) 47. fxg5 Bxa4 48. g6 f4+ (48... Bb3 49. g7 f4+ 50.
Kd4 Be6 $1 51. Nxc6 $1 f3 52. Ne7 f2 53. Nf5+ Bxf5 $1 54. g8=Q+ Kh2 55. Qc4 $1
Bh3 56. Qxa6 $18) 49. Kd3 $1 Bb3 50. Nc4 Ba2 $8 51. g7 Bb1+ 52. Kd4 Bh7 53. Nd2
$1 Bg8 (53... f3 54. Ke3 f2 55. Ne4+ Bxe4 56. g8=Q+ $18) 54. Ke5 Kf2 (54... f3
55. Kd6 Bd5 56. Kc7 $18) 55. Kxf4 Ke2 56. Nf3 Bd5 57. Ne5 Kd2 58. Nxc6 Kc3 59.
Ne7 1-0

[Event "Belgrade GMA op"]
[Site "Belgrade"]
[Date "1988.??.??"]
[Round "?"]
[White "Shabalov, Alexander"]
[Black "Watson, William N"]
[Result "1/2-1/2"]
[WhiteElo "2430"]
[BlackElo "2500"]
[Annotator "Ftacnik,L"]
[PlyCount "84"]
[EventDate "1988.12.??"]
[EventType "swiss"]
[EventRounds "9"]
[EventCountry "YUG"]
[SourceTitle "TD"]
[Source "ChessBase"]
[SourceDate "1994.03.01"]
[SourceVersion "1"]
[SourceVersionDate "1994.03.01"]
[SourceQuality "1"]

1. d4 Nf6 2. Nf3 g6 3. g3 Bg7 4. Bg2 O-O 5. O-O d6 6. Nbd2 Nc6 7. Nc4 Be6 (7...
Bf5 8. c3 Qc8 9. Re1 Bh3 10. Bh1) 8. Ne3 (8. b3 $6 Qc8 $5 9. Re1 Bxc4 10. bxc4
Na5 11. Qd3 c5 $15) 8... Bd7 9. c4 (9. d5 $5 Nb4 10. c4 c6 $13) 9... e5 10. d5
Ne7 11. c5 Ne8 12. Nc4 f5 (12... b5 $5) 13. Qb3 $1 e4 (13... b5 $6 14. Na5) 14.
Ng5 h6 15. c6 $6 (15. Nh3 g5 $13) 15... bxc6 16. dxc6 Rb8 $1 $8 17. Nb6+ $1 (
17. cxd7 Rxb3 18. Ne6 Qxd7 19. Nxf8 Kxf8 20. axb3 d5 $17) 17... d5 $1 (17...
Kh8 18. cxd7 hxg5 $8 19. dxe8=Q Qxe8 20. Qc2 $1 $13) 18. cxd7 (18. Nxd7 $2 Rxb3
19. Ne6 Qa8 20. axb3 Rf7 $19) 18... Rxb6 (18... hxg5 $6 19. dxe8=Q Rxe8 20.
Bxg5 axb6 21. f3 $1 $132) 19. dxe8=Q Qxe8 (19... Rxe8 $6 20. Qa4) 20. Qc2 (20.
Qa3 $6 hxg5 21. Qxa7 Qc6 22. Qa3 Ra8 $1 23. Qxe7 $2 Bf6 $19) 20... hxg5 (20...
Rc6 $6 21. Qb3) 21. Bxg5 Nc6 22. Rab1 Nd4 23. Qd1 $6 (23. Qd2) 23... Qb5 $1 24.
e3 Ne6 25. Be7 Rf7 (25... Re8 $5) 26. a4 $5 (26. Ba3 Rd7) 26... Qb3 $5 27. Ba3
c5 28. Re1 (28. a5 $5) 28... d4 29. f3 $1 Qxd1 (29... dxe3 $5 30. fxe4 f4 31.
gxf4 Nxf4 $40) 30. Rbxd1 dxe3 31. fxe4 f4 $5 (31... Bd4 32. exf5 $1 gxf5 $17)
32. gxf4 Nxf4 33. Rd8+ (33. Bxc5 $2 Rxb2 34. Bf1 e2 35. Rd8+ Kh7 36. Bg2 Ne6
$19) 33... Kh7 34. a5 $5 Rb3 (34... Rb5 $5) 35. e5 $1 $8 Rf5 $6 (35... Nxg2 36.
Kxg2 Bxe5 (36... Rf2+ 37. Kg1) 37. Rf1 $1 Rxf1 38. Kxf1 c4 $5 39. Bc5 a6 $17)
36. Bd5 Nxd5 37. Rxd5 Bxe5 38. Rxc5 e2 $2 (38... Bd4 $1 $17) 39. Rc4 Bxb2 40.
Bxb2 Rxb2 41. Rc7+ Kh6 42. Rxa7 Rd2 1/2-1/2